[Event "34. Kieler Open 2022"]
[Site "Kiel"]
[Date "2022.08.05"]
[Round "9.27"]
[White "Peglau, Paul David"]
[Black "Quiring, Nikolai"]
[Result "0-1"]
[WhiteElo "1569"]
[BlackElo "1915"]
[PlyCount "50"]
[EventDate "2022.??.??"]

1. c4 b6 2. Nc3 Bb7 3. d4 e6 4. Nf3 f5 5. Bf4 Nf6 6. e3 Bb4 7. Be2 Ne4 8. Qc2
g5 9. Be5 O-O 10. O-O d6 11. Bg3 Bxc3 12. bxc3 Nd7 13. Bd3 Qf6 14. Bxe4 Bxe4
15. Qe2 Rf7 16. Rad1 Raf8 17. h3 Rg7 18. Nd2 Bb7 19. e4 Qg6 20. f3 f4 21. Bh2
e5 22. Kf2 {(=)} h5 23. Rh1 Nf6 24. g4 fxg3+ 25. Kxg3 g4 0-1

[Event "34. Kieler Open 2022"]
[Site "Kiel"]
[Date "2022.08.05"]
[Round "9.28"]
[White "Mueller, Cosima"]
[Black "Lutze, Max"]
[Result "1-0"]
[WhiteElo "1340"]
[BlackElo "1892"]
[PlyCount "67"]
[EventDate "2022.??.??"]

1. e4 c5 2. Nf3 g6 3. d4 cxd4 4. Nxd4 Bg7 5. Be3 Nc6 6. c4 Nf6 7. Nc3 O-O 8.
Be2 d6 9. O-O Nxd4 10. Bxd4 Be6 11. f4 Qa5 12. f5 Bd7 13. a3 Qd8 14. b4 Bc6 15.
g4 e5 16. fxe6 fxe6 17. b5 Bd7 18. e5 dxe5 19. Bxe5 Rf7 20. Qd4 Be8 21. Rad1
Qxd4+ 22. Bxd4 g5 23. Bf3 a6 24. b6 Rc8 25. c5 Bc6 26. Bxc6 Rxc6 27. Be5 Nxg4
28. Rd8+ Bf8 29. Bd6 Rxf1+ 30. Kxf1 Rxd6 31. cxd6 Ne3+ 32. Ke2 Nc4 33. d7 Nxb6
34. Rxf8+ 1-0

[Event "34. Kieler Open 2022"]
[Site "Kiel"]
[Date "2022.08.05"]
[Round "9.29"]
[White "Schmidt, Peter"]
[Black "Sickmann, Lisa"]
[Result "0-1"]
[WhiteElo "1877"]
[BlackElo "1672"]
[PlyCount "36"]
[EventDate "2022.??.??"]

1. e4 e5 2. Nf3 Nc6 3. d4 exd4 4. Bc4 Bc5 5. O-O d6 6. c3 Bg4 7. Qb3 dxc3 8.
Bxf7+ Kf8 9. Bxg8 Rxg8 10. Qxb7 cxb2 11. Bxb2 Nb4 12. e5 c6 13. exd6 Bxf3 14.
Qe7+ Qxe7 15. dxe7+ Bxe7 16. gxf3 Nc2 17. Rc1 Nxa1 18. Rxc6 Rb8 0-1

[Event "34. Kieler Open 2022"]
[Site "Kiel"]
[Date "2022.08.05"]
[Round "9.30"]
[White "Dietrich, Leif"]
[Black "Wartenberg, Alissa"]
[Result "1/2-1/2"]
[WhiteElo "1857"]
[BlackElo "1632"]
[PlyCount "33"]
[EventDate "2022.??.??"]

1. e4 c5 2. Nf3 e6 3. g3 d5 4. exd5 exd5 5. Bg2 Qe7+ 6. Qe2 Qxe2+ 7. Kxe2 Nf6
8. Re1 Be6 9. Kf1 Nc6 10. d3 Be7 11. a3 O-O 12. Nc3 Rfe8 13. Bf4 a6 14. Rad1
Rad8 15. h3 h6 16. d4 c4 17. Ne5 1/2-1/2

[Event "34. Kieler Open 2022"]
[Site "Kiel"]
[Date "2022.08.05"]
[Round "9.31"]
[White "Serreck, Uwe"]
[Black "Christiansen, Henning"]
[Result "1-0"]
[WhiteElo "1847"]
[BlackElo "1360"]
[PlyCount "99"]
[EventDate "2022.??.??"]

1. e4 e6 2. b3 d5 3. Bb2 c5 4. exd5 exd5 5. Nf3 Nf6 6. d4 Bg4 7. Bb5+ Nbd7 8.
O-O Be7 9. dxc5 O-O 10. b4 a5 11. a3 axb4 12. axb4 Rxa1 13. Bxa1 b6 14. Bxd7
Qxd7 15. Ne5 Bxd1 16. Nxd7 Nxd7 17. Rxd1 bxc5 18. bxc5 Rc8 19. Rxd5 Nxc5 20.
Bd4 Ne6 21. c3 Nxd4 22. Rxd4 Bf6 23. Rd3 Ra8 24. Rd1 Rc8 25. Rd3 Ra8 26. Rd1
Rc8 27. Rc1 Bg5 28. Re1 Bf6 29. g3 g6 30. Rc1 Bg5 31. f4 Bf6 32. c4 Bd4+ 33.
Kf1 f5 34. Nd2 Be3 35. Ke2 Re8 {(=)} 36. Kd3 Bc5 37. Nb3 Re3+ 38. Kc2 Re2+ 39.
Kd1 Rxh2 40. Nxc5 Rh3 41. Rc3 h5 42. Kd2 Rh2+ 43. Ke3 Rh3 44. Kd4 Kf7 45. Nd3
Kf6 46. Ne5 g5 47. fxg5+ Kxg5 48. c5 h4 49. gxh4+ Rxh4+ 50. Kd5 1-0

[Event "34. Kieler Open 2022"]
[Site "Kiel"]
[Date "2022.08.05"]
[Round "9.32"]
[White "Suhr, Michael"]
[Black "Storm, Max"]
[Result "1/2-1/2"]
[WhiteElo "1672"]
[BlackElo "1550"]
[PlyCount "118"]
[EventDate "2022.??.??"]

1. e4 e6 2. Nf3 d5 3. exd5 exd5 4. d4 Bd6 5. Bg5 Nf6 6. Nc3 c6 7. Qe2+ Be6 8.
Ne5 O-O 9. Qf3 Re8 10. O-O-O Nbd7 11. Nxd7 Bxd7 12. Bxf6 Qxf6 13. Qxf6 gxf6 14.
Bd3 Re7 15. Rhe1 Rae8 16. Rxe7 Rxe7 17. Ne2 Bg4 18. Kd2 Bh5 19. g4 Bg6 20. f4
Bxd3 21. Kxd3 Re4 22. Rf1 c5 23. dxc5 Bxc5 24. Rf3 Ra4 25. b3 Rxa2 26. Nc3 Ra1
27. Nxd5 Kg7 28. Kc4 Bg1 29. h3 Rd1 30. Rd3 Re1 31. f5 Re4+ 32. Kc3 Bf2 33. Kb2
Bd4+ 34. Ka3 Be5 35. c3 Re2 36. b4 Kh6 37. c4 Kg5 38. b5 b6 39. Kb4 Rb2+ 40.
Ka4 Ra2+ 41. Kb4 Bd6+ 42. Kb3 Ra3+ 43. Kc2 Rxd3 44. Kxd3 Be5 45. Ke4 Kh4 46.
Kf3 Kxh3 47. Ne7 Kh4 48. Nc6 Kg5 49. Nxa7 Bd6 50. Nc6 Bc7 51. Nb4 h5 52. gxh5
Kxf5 53. Nd3 Kg5 54. c5 bxc5 55. Nxc5 Kxh5 56. Nd7 Kg5 57. Ke4 Bd8 58. Kf3 f5
59. b6 Bxb6 1/2-1/2

[Event "34. Kieler Open 2022"]
[Site "Kiel"]
[Date "2022.08.05"]
[Round "9.34"]
[White "Zimmermann, Manfred"]
[Black "Dittmar, Markus"]
[Result "1/2-1/2"]
[WhiteElo "1933"]
[BlackElo "1615"]
[PlyCount "114"]
[EventDate "2022.??.??"]

1. d4 Nf6 2. Nf3 g6 3. c4 Bg7 4. e3 O-O 5. Be2 d6 6. Nc3 Nbd7 7. O-O e5 8. Qc2
c6 9. dxe5 dxe5 10. e4 Qc7 11. h3 Nc5 12. Bd3 Rd8 13. Rd1 b6 14. Bg5 h6 15. Bh4
Be6 16. b3 Nxd3 17. Rxd3 Rxd3 18. Qxd3 Rd8 19. Qe2 g5 20. Bg3 Ne8 21. Rd1 f6
22. Rxd8 Qxd8 23. Qd1 Qc7 24. Qd3 Bf8 25. Ne1 Bf7 26. f3 Ng7 27. Bf2 Ne6 28. g3
Kg7 29. Nc2 Qc8 30. Kh2 Be7 31. Be3 Nf8 32. Bc1 Ng6 33. Ne3 Be6 34. Nf5+ Bxf5
35. exf5 Nf8 36. g4 Qc7 37. Ne4 Nd7 38. Kg2 Nc5 39. Qd1 Na6 40. h4 Nc5 41. hxg5
hxg5 42. Be3 Nxe4 43. fxe4 Qd8 44. Qxd8 Bxd8 45. Kf3 Be7 46. Bc1 Bc5 47. Ke2
Kf7 48. a3 Bd4 49. b4 c5 50. Kd3 Ke7 51. Kc2 a6 52. Bd2 Kd7 53. Kb3 Kc7 54. a4
cxb4 55. Bxb4 Bc5 56. a5 Kc6 57. axb6 Bxb4 1/2-1/2

[Event "34. Kieler Open 2022"]
[Site "Kiel"]
[Date "2022.08.05"]
[Round "9.35"]
[White "Hufendiek, Ekkehard"]
[Black "Giede, Anna-Blume"]
[Result "1-0"]
[WhiteElo "1929"]
[BlackElo "1597"]
[PlyCount "59"]
[EventDate "2022.??.??"]

1. e4 c6 2. d4 d5 3. e5 c5 4. dxc5 e6 5. a3 Bxc5 6. b4 Bb6 7. Nf3 Qc7 8. Bd3
Ne7 9. Bb2 Ng6 10. O-O Nc6 11. Re1 Bd7 12. Nbd2 Nf4 13. Bf1 Qd8 14. c4 Rg8 15.
g3 Ng6 16. h4 h6 17. cxd5 exd5 18. e6 Bxe6 19. Qc2 Qd6 20. Kg2 Nge7 21. Rad1
Qc7 22. Rc1 Qd7 {(=)} 23. Bb5 Rc8 24. Nb3 Kf8 25. Nc5 Bxc5 26. Qxc5 b6 27. Qe3
Qb7 28. Qf4 Ng6 29. Qd6+ Nge7 30. Rxc6 1-0

[Event "34. Kieler Open 2022"]
[Site "Kiel"]
[Date "2022.08.05"]
[Round "9.36"]
[White "Korte, Andreas"]
[Black "Walther, Joachim"]
[Result "0-1"]
[WhiteElo "1560"]
[BlackElo "1910"]
[PlyCount "72"]
[EventDate "2022.??.??"]

1. c4 Nf6 2. g3 e5 3. Bg2 c6 4. Nc3 g6 5. e4 Bg7 6. Nge2 d6 7. O-O Be6 8. d3
O-O 9. Rb1 Nbd7 10. b3 Ng4 11. h3 Nh6 12. Bd2 f5 13. Qc1 Nf7 14. Kh2 Nf6 15. f4
Qd7 16. Ng1 Rad8 17. Nce2 h5 18. a4 Kh7 19. fxe5 dxe5 20. Bb4 Rh8 21. Rd1 Kg8
22. Qe3 Ng4+ 23. hxg4 hxg4+ 24. Nh3 gxh3 25. Bf1 b6 26. Ng1 Nh6 27. Qg5 Ng4+
28. Kh1 Nf2+ 29. Kh2 Nxd1 30. Rxd1 c5 31. Bd2 Rf8 32. Qxg6 Rf6 33. Qg5 fxe4 34.
Qe3 Qf7 35. Qxe4 Rxf1 36. Qe2 Rf2+ 0-1

[Event "34. Kieler Open 2022"]
[Site "Kiel"]
[Date "2022.08.05"]
[Round "9.37"]
[White "Wartenberg, Alexander"]
[Black "Gressmann, Hanna"]
[Result "0-1"]
[WhiteElo "1623"]
[BlackElo "1856"]
[PlyCount "72"]
[EventDate "2022.??.??"]

1. e4 Nf6 2. e5 Nd5 3. c4 Nb6 4. d4 d6 5. exd6 exd6 6. Nf3 Be7 7. Bd3 Nc6 8.
Nc3 O-O 9. a3 Bg4 10. Be3 Bf6 11. O-O Re8 12. d5 Ne5 13. Bxb6 axb6 14. Be4 Bxf3
15. gxf3 g6 16. Qb3 Nd7 17. Kh1 Be5 18. Rg1 Qh4 19. Rg2 Nf6 20. Ne2 Nxe4 21.
fxe4 Qxe4 22. Ng3 Qh4 23. Qf3 Bxg3 24. fxg3 Qxc4 25. Rf1 Re7 26. Rgf2 Rf8 27.
g4 Re5 28. Rd2 b5 29. h4 h5 30. Rg1 hxg4 31. Rxg4 Qc1+ 32. Rd1 Re1+ 33. Rxe1
Qxe1+ 34. Kg2 Re8 35. h5 Re2+ 36. Kh3 Re3 0-1

[Event "34. Kieler Open 2022"]
[Site "Kiel"]
[Date "2022.08.05"]
[Round "9.38"]
[White "Koch, Ralf-Johannes"]
[Black "Malinowsky, Yvonne"]
[Result "1-0"]
[WhiteElo "1736"]
[BlackElo "1232"]
[PlyCount "49"]
[EventDate "2022.??.??"]

1. e4 e5 2. Nf3 Nc6 3. Bc4 Bc5 4. c3 Nf6 5. d3 d6 6. h3 O-O 7. O-O Be6 8. Bb3
Qd7 9. Nh2 d5 10. Qf3 d4 11. Bg5 h6 12. Bxh6 Qe7 13. Bg5 dxc3 14. bxc3 Nd4 15.
cxd4 Bxd4 16. Nd2 Bxa1 17. Rxa1 Bxb3 18. Nxb3 Qb4 19. Bxf6 gxf6 20. Ng4 Qc3 21.
Rc1 Qb2 22. Nxf6+ Kg7 23. Nh5+ Kg8 24. Qg4+ Kh8 25. Qg7# 1-0

[Event "34. Kieler Open 2022"]
[Site "Kiel"]
[Date "2022.08.05"]
[Round "9.39"]
[White "Diederichs, Karl"]
[Black "Schramm, Daniel"]
[Result "0-1"]
[WhiteElo "1528"]
[BlackElo "1829"]
[PlyCount "68"]
[EventDate "2022.??.??"]

1. d4 g6 2. Nf3 Bg7 3. b3 d5 4. Bb2 Nf6 5. e3 Bg4 6. h3 Bxf3 7. Qxf3 O-O 8. Nd2
c6 9. Bd3 Nbd7 10. Qg3 Re8 11. f4 c5 12. O-O cxd4 13. exd4 Qc7 14. Qf3 Rad8 15.
Rae1 e6 16. g4 Qa5 17. Re2 Qxa2 18. Ba1 Qa5 19. h4 Qb6 20. Kg2 Qc7 21. h5 gxh5
22. g5 Ng4 23. Rh1 f5 24. Rxh5 Nf8 25. Nf1 Qf7 26. Rh1 Ng6 27. Ne3 Bf8 28. Bc3
Bd6 29. Kf1 Nxf4 30. Rd2 Nxd3 31. Rxd3 Nh2+ 32. Rxh2 Bxh2 33. Rd2 Qc7 34. Qh5
Bf4 0-1

[Event "34. Kieler Open 2022"]
[Site "Kiel"]
[Date "2022.08.05"]
[Round "9.40"]
[White "Peglau, Sarah"]
[Black "Gade, Niels Severin"]
[Result "1-0"]
[WhiteElo "1782"]
[BlackElo "1505"]
[PlyCount "71"]
[EventDate "2022.??.??"]

1. d4 d5 2. c4 c6 3. Nc3 Nf6 4. Bf4 Bf5 5. e3 Nbd7 6. Nf3 e6 7. cxd5 cxd5 8.
Bd3 Ne4 9. Nb5 Qa5+ 10. Ke2 Rc8 11. Rc1 Rxc1 12. Qxc1 Ng3+ 13. hxg3 Bxd3+ 14.
Kxd3 Qxb5+ 15. Kc2 Be7 16. Kb1 O-O 17. Qc2 f5 18. g4 Nb6 19. gxf5 Nc4 20. Qb3
Na3+ 21. bxa3 Qxb3+ 22. axb3 Rxf5 23. Kb2 g5 24. Bg3 g4 25. Ne5 h5 26. b4 h4
27. Bxh4 Bxh4 28. Rxh4 Rxf2+ 29. Kb3 Re2 30. Rxg4+ Kh7 31. Rg3 b5 32. Nc6 Rd2
33. Nxa7 Rd3+ 34. Kb2 Rd2+ 35. Kc3 Ra2 36. Nxb5 1-0

[Event "34. Kieler Open 2022"]
[Site "Kiel"]
[Date "2022.08.05"]
[Round "9.41"]
[White "Lehmann, Simon"]
[Black "Rohmann, Volker"]
[Result "0-1"]
[WhiteElo "1531"]
[BlackElo "1746"]
[PlyCount "84"]
[EventDate "2022.??.??"]

1. c4 c5 2. Nc3 Nc6 3. g3 g6 4. Bg2 Bg7 5. e3 e6 6. Nge2 Nge7 7. O-O O-O 8. d4
cxd4 9. exd4 d5 10. cxd5 Nxd5 11. Nxd5 exd5 12. Be3 Bg4 13. f3 Bf5 14. g4 Be6
15. Nf4 Qb6 16. Nxe6 fxe6 17. Qd2 Bxd4 18. Bxd4 Qxd4+ 19. Qxd4 Nxd4 20. Rad1
Ne2+ 21. Kf2 Nf4 22. Rfe1 Rac8 23. Rd2 Rc7 24. Bf1 Rfc8 25. Bd3 Nxd3+ 26. Rxd3
Rc2+ 27. Re2 Rxe2+ 28. Kxe2 Rc2+ 29. Rd2 Rxd2+ 30. Kxd2 e5 31. b3 g5 32. Ke3
Kf7 33. a3 Ke6 34. Kd3 Kd6 35. Kc3 b6 36. Kd3 Kc5 37. Kc3 a5 38. Kd3 b5 39. Kc3
d4+ 40. Kd3 Kd5 41. b4 axb4 42. axb4 e4+ 0-1

[Event "34. Kieler Open 2022"]
[Site "Kiel"]
[Date "2022.08.05"]
[Round "9.42"]
[White "Borgert, Alexander"]
[Black "Ahrens, Jan"]
[Result "1/2-1/2"]
[WhiteElo "1477"]
[BlackElo "1716"]
[PlyCount "65"]
[EventDate "2022.??.??"]

1. d4 d5 2. c4 c6 3. Nf3 e6 4. Nc3 Bd6 5. cxd5 exd5 6. Bg5 Be7 7. Bxe7 Nxe7 8.
e3 Bg4 9. h3 Bh5 10. g4 Bg6 11. Bd3 Nd7 12. Qc2 O-O 13. h4 c5 14. h5 Bxd3 15.
Qxd3 f6 16. Nh4 cxd4 17. Qxd4 Ne5 18. f4 N7c6 19. Qxd5+ Qxd5 20. Nxd5 Nxg4 21.
Rg1 Rad8 22. Rxg4 Rxd5 23. Rd1 Rxd1+ 24. Kxd1 Rd8+ 25. Ke2 Kf7 26. Nf5 g6 27.
hxg6+ hxg6 28. Nh6+ Kg7 29. Nf5+ Kh7 30. Rh4+ Kg8 31. Rg4 Kf7 32. Nh6+ Kg7 33.
Nf5+ 1/2-1/2

[Event "34. Kieler Open 2022"]
[Site "Kiel"]
[Date "2022.08.05"]
[Round "9.43"]
[White "Roselius, Philipp"]
[Black "Thielemann, Joachim"]
[Result "0-1"]
[WhiteElo "1504"]
[BlackElo "1697"]
[PlyCount "64"]
[EventDate "2022.??.??"]

1. d4 Nf6 2. Nf3 d5 3. e3 Bf5 4. c4 h6 5. Qb3 b6 6. Nc3 e6 7. Ne5 Bd6 8. f4 O-O
9. Be2 Bxe5 10. fxe5 Ne4 11. O-O Nxc3 12. Qxc3 Be4 13. c5 c6 14. a4 Nd7 15. b4
Rb8 16. Bd3 f5 17. Bd2 bxc5 18. bxc5 Qe7 19. Bxe4 fxe4 20. Qa5 Rb7 21. Rxf8+
Nxf8 22. Qc3 Ng6 23. Be1 Qg5 24. Bg3 Rf7 25. Rf1 Rb7 26. Bf2 Ne7 27. Re1 Nf5
28. Qc2 h5 29. Re2 h4 30. h3 Qh5 31. Qd1 Kh7 32. Kh2 Rb2 0-1

[Event "34. Kieler Open 2022"]
[Site "Kiel"]
[Date "2022.08.05"]
[Round "9.44"]
[White "Peglau, Markus"]
[Black "Salewski, Niko"]
[Result "0-1"]
[WhiteElo "1843"]
[BlackElo "1496"]
[PlyCount "82"]
[EventDate "2022.??.??"]

1. d4 Nf6 2. c4 e6 3. g3 d5 4. Bg2 Be7 5. Nf3 Nbd7 6. O-O O-O 7. Nc3 c6 8. cxd5
exd5 9. Bf4 Re8 10. Rc1 Nf8 11. a3 Ng6 12. b4 Nxf4 13. gxf4 a6 14. Ne5 Nd7 15.
Na4 f6 16. Nd3 Bd6 17. e3 Nb6 18. Nxb6 Qxb6 19. Qb3 Bf5 20. Nc5 Bxc5 21. Rxc5
Re6 22. Rfc1 Qd8 23. Kh1 Qe8 24. Rg1 Qh5 25. f3 Rd8 26. e4 Bh3 27. Bxh3 Qxh3
28. f5 Rxe4 29. Qd1 Re3 30. Rg3 Qxf5 31. Qg1 Re7 32. Rc1 Rde8 33. Rf1 g6 34. h4
Re2 35. Rf2 R8e3 36. a4 Kf7 37. b5 axb5 38. axb5 cxb5 39. Rxe2 Rxe2 40. Qc1 Qc2
41. Qh6 Rh2+ 0-1

[Event "34. Kieler Open 2022"]
[Site "Kiel"]
[Date "2022.08.05"]
[Round "9.45"]
[White "Friedrich, Heike"]
[Black "Christensen, Andreas"]
[Result "0-1"]
[WhiteElo "1472"]
[BlackElo "1901"]
[PlyCount "100"]
[EventDate "2022.??.??"]

1. e4 c6 2. d4 d5 3. e5 c5 4. Nf3 Bg4 5. Be2 cxd4 6. Nxd4 Bxe2 7. Qxe2 e6 8.
O-O Nc6 9. Be3 Nge7 10. Nxc6 Nxc6 11. f4 Be7 12. a3 O-O 13. Nd2 Rc8 14. Nb3 Qc7
15. Rac1 Rfd8 16. Rfd1 b6 17. c4 d4 18. Nxd4 Rxd4 19. Rxd4 Nxd4 20. Bxd4 Rd8
21. Bf2 Qd7 22. g3 g6 23. Kg2 Kf8 24. b4 Qc6+ 25. Qf3 Qxf3+ 26. Kxf3 Rd3+ 27.
Ke4 Rxa3 28. c5 bxc5 29. bxc5 Ra4+ 30. Kd3 Ke8 31. Kc3 Kd8 32. Kb3 Ra6 33. Rc4
Kc7 34. Ra4 Rxa4 35. Kxa4 Kc6 36. Kb4 a5+ 37. Kc4 a4 38. Bd4 a3 39. Kb3 Bxc5
40. Bxc5 Kxc5 41. Kxa3 h5 42. Kb3 Kd5 43. Kc3 Ke4 44. Kc4 h4 45. Kc5 hxg3 46.
hxg3 Kf3 47. Kd6 Kxg3 48. Ke7 Kxf4 49. Kxf7 Kxe5 50. Kxg6 Kf4 0-1

[Event "34. Kieler Open 2022"]
[Site "Kiel"]
[Date "2022.08.05"]
[Round "9.46"]
[White "Schirmag, Wolfgang"]
[Black "Malinowsky, Lars"]
[Result "0-1"]
[WhiteElo "1748"]
[BlackElo "1525"]
[PlyCount "70"]
[EventDate "2022.??.??"]

1. d4 d5 2. Nf3 Nf6 3. e3 Bg4 4. h3 Bh5 5. g4 Bg6 6. Ne5 Nbd7 7. h4 h6 8. Nxg6
fxg6 9. c4 e6 10. Bd3 Qe7 11. Bxg6+ Kd8 12. cxd5 exd5 13. Nc3 Qe6 14. Bf5 Qf7
15. h5 c5 16. Qa4 Nb6 17. Qa5 cxd4 18. Na4 Qc7 19. Nxb6 Qxb6 20. Qxb6+ axb6 21.
exd4 Bb4+ 22. Bd2 Re8+ 23. Kd1 Bxd2 24. Kxd2 Ne4+ 25. Ke3 Ng3+ 26. Kf4 Nxh1 27.
Rxh1 Rxa2 28. Rb1 Re2 29. f3 Ra4 30. b4 Ke7 31. Bc8 Kd6 32. Kf5 Ra8 33. Bxb7
Rf8+ 34. Kg6 Re7 35. Ba6 Rxf3 0-1

[Event "34. Kieler Open 2022"]
[Site "Kiel"]
[Date "2022.08.05"]
[Round "9.47"]
[White "Behrendt, Matthias"]
[Black "Jacobasch, Ronja"]
[Result "1/2-1/2"]
[WhiteElo "1701"]
[BlackElo "1457"]
[PlyCount "91"]
[EventDate "2022.??.??"]

1. d4 Nf6 2. Nf3 g6 3. g3 Bg7 4. Bg2 O-O 5. O-O d6 6. c4 Nbd7 7. Nc3 c5 8. d5
a6 9. a4 Nb6 10. Nd2 e6 11. a5 Nbd7 12. Nde4 exd5 13. cxd5 Nxe4 14. Nxe4 Ne5
15. Bg5 f6 16. Bd2 f5 17. Ng5 Rb8 18. Ra4 Qe8 19. Rh4 h6 20. Ne6 Bxe6 21. dxe6
Kh7 22. Qc1 h5 23. Bd5 Bf6 24. Bg5 Qe7 25. Bxf6 Qxf6 26. b4 Rfc8 27. Qd2 Nc6
28. bxc5 dxc5 29. Bxc6 Rxc6 30. Qd7+ Kh6 31. e7 Re6 32. Rc4 Qxe7 33. Qxe7 Rxe7
34. Rxc5 Rxe2 35. h4 b6 36. Rc6 bxa5 37. Rxa6 Re5 38. Rc1 Rbe8 39. Rcc6 Rg8 40.
Ra7 Rg7 41. Ra8 Rge7 42. Rcc8 Rd5 43. Kg2 Ree5 44. Kf3 Rb5 45. Rc6 Rb3+ 46. Kg2
1/2-1/2

[Event "34. Kieler Open 2022"]
[Site "Kiel"]
[Date "2022.08.05"]
[Round "9.48"]
[White "Buck, Lars"]
[Black "Ahrens, Gunnar"]
[Result "1-0"]
[WhiteElo "1322"]
[BlackElo "1677"]
[PlyCount "49"]
[EventDate "2022.??.??"]

1. d4 g6 2. e4 Bg7 3. Nc3 d6 4. Be3 f5 5. Bd3 fxe4 6. Nxe4 Nc6 7. c3 Bd7 8. Nf3
Nf6 9. O-O Bg4 10. Ned2 e5 11. Qc2 Qd7 12. dxe5 dxe5 13. Rfe1 O-O-O 14. Bf1 Bf5
15. Qa4 e4 16. Nd4 Nxd4 17. Qxa7 Nc6 18. Qa8+ Nb8 19. Ba7 Qc6 20. Nc4 Nd5 21.
Na5 Qa4 22. Qxb7+ Kd7 23. Bb5+ Qxb5 24. Qxb5+ c6 25. Qb7+ 1-0

[Event "34. Kieler Open 2022"]
[Site "Kiel"]
[Date "2022.08.05"]
[Round "9.49"]
[White "Yueksel, Anja"]
[Black "Schmieder, Kerstin"]
[Result "0-1"]
[WhiteElo "1388"]
[BlackElo "1672"]
[PlyCount "118"]
[EventDate "2022.??.??"]

1. e4 e5 2. Nf3 Nc6 3. c3 Nf6 4. d4 exd4 5. e5 Ng4 6. cxd4 d6 7. h3 Nh6 8. Bb5
Bd7 9. Bxh6 gxh6 10. O-O Qe7 11. exd6 Qxd6 12. Re1+ Be7 13. Nc3 O-O-O 14. a3
Rhg8 15. Ne4 Qg6 16. Ng3 Nxd4 17. Bxd7+ Rxd7 18. Nxd4 Bc5 19. Re4 Rgd8 20. Rg4
Rxd4 21. Qf3 Rxg4 22. hxg4 Rd3 23. Qf5+ Qxf5 24. Nxf5 Rd2 25. Rb1 Rxf2 26. Kh2
h5 27. Nh6 Be3 28. Kg3 Rf6 29. Nf5 Bg5 30. Rf1 h4+ 31. Kh3 Rb6 32. b4 Rc6 33.
Nxh4 Rc3+ 34. Rf3 Rc1 35. g3 f6 36. Nf5 Re1 37. Nd4 Re5 38. Nf5 {(=)} Re6 39.
Ng7 Ra6 40. Nf5 Bc1 41. Ne7+ Kd7 42. Nd5 Bb2 43. a4 Rxa4 44. Nxf6+ Bxf6 45.
Rxf6 Rxb4 46. Rf7+ Kd8 47. Rxh7 Re4 48. Rf7 a5 49. g5 Re7 50. Rf1 Ke8 51. Kh4
Rf7 52. Re1+ Kf8 53. Kh5 Kg7 54. Re6 a4 55. Rg6+ Kh8 56. Rh6+ Rh7 57. Rxh7+
Kxh7 58. g6+ Kg7 59. Kg5 a3 0-1

[Event "34. Kieler Open 2022"]
[Site "Kiel"]
[Date "2022.08.05"]
[Round "9.50"]
[White "Cordts, Elof"]
[Black "Ruhberg, Hartwig"]
[Result "1-0"]
[WhiteElo "1662"]
[BlackElo "1474"]
[PlyCount "75"]
[EventDate "2022.??.??"]

1. e4 e5 2. Nf3 Nc6 3. Bc4 Nf6 4. d3 Bc5 5. c3 O-O 6. O-O Re8 7. Bb3 h6 8. Bc2
d5 9. h3 b6 10. Re1 Bb7 11. b4 dxe4 12. dxe4 Qxd1 13. Rxd1 Bd6 14. Nbd2 a6 15.
Nc4 Rad8 16. Be3 b5 17. Nxd6 cxd6 18. Ne1 Re7 19. f3 Red7 20. Bb6 Rc8 21. Bb3
Ne7 22. Rac1 d5 23. Nd3 dxe4 24. fxe4 Nxe4 25. Nxe5 Rxd1+ 26. Rxd1 Nxc3 27.
Rd8+ Rxd8 28. Bxf7+ Kf8 29. Bxd8 Bd5 30. Bh5 Nxa2 31. Nd7+ Kg8 32. Bxe7 Be6 33.
Nb8 Bc8 34. Kf2 Nc3 35. Bg4 Bb7 36. Bf3 Bc8 37. Ke3 Kf7 38. Bc5 1-0

[Event "34. Kieler Open 2022"]
[Site "Kiel"]
[Date "2022.08.05"]
[Round "9.52"]
[White "Lehrer, Manuel"]
[Black "Dau-Schmidt, Piet"]
[Result "1-0"]
[WhiteElo "1551"]
[BlackElo "1445"]
[PlyCount "59"]
[EventDate "2022.??.??"]

1. e4 c6 2. d4 d5 3. e5 Bf5 4. h4 h5 5. Bd3 Bxd3 6. Qxd3 e6 7. Bg5 Qc7 8. Nf3
Nd7 9. Nbd2 Be7 10. O-O O-O-O 11. c4 dxc4 12. Nxc4 f6 13. Bf4 fxe5 14. Ncxe5
Nxe5 15. Nxe5 Qb6 16. Nf7 Rxd4 17. Qg6 Nf6 18. Be3 Rg8 19. Bxd4 Qxd4 20. g3 Kc7
21. Ng5 Qg4 22. Qf7 Re8 23. Qxe6 Bc5 24. Qxg4 Nxg4 25. Kg2 Re2 26. Rae1 Rxb2
27. Ne6+ Kb6 28. Rb1 Ba3 29. Rxb2+ Bxb2 30. Rb1 1-0

[Event "34. Kieler Open 2022"]
[Site "Kiel"]
[Date "2022.08.05"]
[Round "9.53"]
[White "Wirtjes, Edzard"]
[Black "Aguike, Toshiya"]
[Result "1-0"]
[WhiteElo "1541"]
[BlackElo "1412"]
[PlyCount "69"]
[EventDate "2022.??.??"]

1. c4 e5 2. Nc3 Nc6 3. g3 Bc5 4. Bg2 Nf6 5. d3 h6 6. Nf3 d6 7. O-O O-O 8. Bd2
Bg4 9. h3 Bxf3 10. Bxf3 Qd7 11. Kh2 Rab8 12. Bg2 Ne7 13. a3 Ng6 14. b4 Bb6 15.
e3 Qf5 16. Ne4 Nxe4 17. Bxe4 Qd7 18. f4 exf4 19. exf4 c6 20. Qh5 Qe6 21. Bc3
Ne7 22. f5 Qd7 23. f6 Rbe8 24. fxg7 f5 25. gxf8=Q+ Rxf8 26. Qxh6 Kf7 27. Qh5+
Kg8 28. Qg5+ Kf7 29. Bxf5 Nxf5 30. Rxf5+ Ke8 31. Re1+ Qe6 32. Rxe6+ Kd7 33.
Qe7+ Kc8 34. Rxf8+ Bd8 35. Rxd8# 1-0

[Event "34. Kieler Open 2022"]
[Site "Kiel"]
[Date "2022.08.05"]
[Round "9.54"]
[White "Dawidzinski, Jan"]
[Black "Haertel, Leon"]
[Result "1-0"]
[WhiteElo "1539"]
[BlackElo "1080"]
[PlyCount "69"]
[EventDate "2022.??.??"]

1. d4 d5 2. c4 e6 3. Nc3 Nf6 4. cxd5 exd5 5. Bg5 Be7 6. e3 c6 7. Bd3 O-O 8. Qc2
h6 9. Bh4 Nbd7 10. Nf3 Re8 11. O-O Nf8 12. Rab1 Bg4 13. Ne5 Bd7 14. b4 a6 15.
a4 Bd6 16. Bg3 Qc7 17. Nxd7 N8xd7 18. b5 Bxg3 19. hxg3 c5 20. dxc5 Qxc5 21.
bxa6 bxa6 22. Ne2 Rec8 23. Rfc1 Qxc2 24. Bxc2 a5 25. Rb5 Kf8 26. Bf5 Rxc1+ 27.
Nxc1 Ne5 28. Nb3 Nc6 29. Rc5 Ra6 30. Bc8 Rb6 31. Nxa5 Nxa5 32. Rxa5 Rb1+ 33.
Kh2 Ne4 34. Bf5 Nxf2 35. Bxb1 1-0

[Event "34. Kieler Open 2022"]
[Site "Kiel"]
[Date "2022.08.05"]
[Round "9.55"]
[White "Steiner, Peter Markus"]
[Black "Schwitkowski, Luka"]
[Result "0-1"]
[WhiteElo "1690"]
[BlackElo "1297"]
[PlyCount "62"]
[EventDate "2022.??.??"]

1. b4 e5 2. Bb2 Bxb4 3. Bxe5 Nf6 4. e3 d5 5. Nf3 O-O 6. Be2 Re8 7. Bb2 Bf5 8.
O-O Nbd7 9. d3 c6 10. Nbd2 h6 11. c4 Bh7 12. Qb3 Qb6 13. d4 Bd6 14. h3 Re7 15.
Rac1 Rae8 16. Qxb6 axb6 17. cxd5 Nxd5 18. Nc4 Bc7 19. Nce5 Nxe5 20. Nxe5 f6 21.
Nd3 Ra8 22. Ra1 Bxd3 23. Bxd3 b5 24. a3 Nb6 25. Rfb1 Na4 26. Bc1 Ba5 27. Rb3
Rd8 28. Be2 Kf8 29. Kf1 Kf7 30. Bd3 Kf8 31. Ke2 Rxd4 0-1

[Event "34. Kieler Open 2022"]
[Site "Kiel"]
[Date "2022.08.05"]
[Round "9.56"]
[White "Frahm, Ben Jonas"]
[Black "Braun, Julian"]
[Result "1/2-1/2"]
[WhiteElo "1156"]
[BlackElo "1656"]
[PlyCount "64"]
[EventDate "2022.??.??"]

1. e4 e5 2. Nf3 Nc6 3. Bc4 Nf6 4. Ng5 d5 5. exd5 Nd4 6. c3 b5 7. cxd4 bxc4 8.
Qa4+ Nd7 9. Nf3 exd4 10. Qxc4 Nb6 11. Qxd4 Qxd5 12. Qxd5 Nxd5 13. Nc3 Nb4 14.
Nd4 c5 15. Ndb5 Nc2+ 16. Kd1 Nxa1 17. Nc7+ Kd7 18. Nxa8 Bb7 19. d3 Bxa8 20. f3
Bd6 21. Be3 Re8 22. Ne4 Bxe4 23. dxe4 Rb8 24. Kc1 Be5 25. Rd1+ Ke6 26. Rd2 Rb4
27. Kb1 Rc4 28. Re2 Bxh2 29. Kxa1 Be5 30. Kb1 Bd4 31. b3 Rb4 32. Bd2 Rb7
1/2-1/2

[Event "34. Kieler Open 2022"]
[Site "Kiel"]
[Date "2022.08.05"]
[Round "9.57"]
[White "Kathage, Holger"]
[Black "Rudolph, Simon"]
[Result "1/2-1/2"]
[WhiteElo "1655"]
[BlackElo "1229"]
[PlyCount "49"]
[EventDate "2022.??.??"]

1. c4 e6 2. Nc3 d5 3. cxd5 exd5 4. d4 Nf6 5. Bg5 Nbd7 6. Nf3 c6 7. e3 Qa5 8. a3
Ne4 9. Qa4 Qxa4 10. Nxa4 Nxg5 11. Nxg5 Be7 12. h4 h6 13. Nf3 O-O 14. Bd3 Nf6
15. Nc3 Bd7 16. Ne5 Be6 17. O-O-O Nd7 18. Nxd7 Bxd7 19. Rdg1 g6 20. g4 Kg7 21.
f4 Rae8 22. Ne2 Bd8 23. Kd2 a5 24. Nc3 b5 25. Rh2 1/2-1/2